000 00346nam a2200145Ia 4500
005 20251222153523.0
008 251222s9999||||xx |||||||||||||| ||spa||
020 _a8478809112
082 _a177.6/P85
100 _aPreciado, Nativel
245 0 _aAmigos Íntimos
250 _a4ta.ed.
264 _bEdiciones Temas de Hoy, S.A.
942 _cLIB
999 _c29791
_d29791